000 00331 a2200157 4500
001 191839
020 _a978-85-7416-830-2
040 _cMagnum
100 _aFranco, Blandina
240 1 0 _aEstilística
_lpor
245 1 0 _aEstilística
300 _a48
362 0 _a2013
697 _aLITERATURA INFANTO-JUVENIL
942 _cBK
999 _c191839
_d191839